[Event "FIDE World Rapid-ch Open 2018"]
[White "Usmanov, Vasily"]
[Black "Savchenko, Boris"]
[Site "St. Petersburg"]
[Round "4.34"]
[Annotator "ChessBase"]
[Result "1/2-1/2"]
[Date "2018.12.26"]
[WhiteElo "2450"]
[BlackElo "2562"]
[PlyCount "128"]
[TimeControl "900+10"]

1. Nf3 {[%emt 0:0:0]} g6 {[%emt 0:1:40]} 2. c4 {[%emt 0:0:9]} Bg7 {[%emt 0:0:18]
} 3. Nc3 {[%emt 0:0:20]} e5 {[%emt 0:1:24]} 4. d4 {[%emt 0:0:0]} exd4 {[%emt 0:0:26]} 5. Nxd4 {[%emt 0:0:2]} Nc6 {[%emt 0:0:5]} 6. Nxc6 {[%emt 0:0:15]} bxc6 {[%emt 0:1:17]} 7. g3 {[%emt 0:0:2]} h5 {[%emt 0:0:0]} 8. h4 {[%emt 0:0:18]} Qe7 {[%emt 0:2:58]} 9. Bg2 {[%emt 0:0:43]} Qb4 {[%emt 0:0:51]} 10. 0-0 {[%emt 0:1:45]} Nf6 {[%emt 0:0:59]} 11. Qa4 {[%emt 0:3:14]
} Qxa4 {[%emt 0:1:44]} 12. Nxa4 {[%emt 0:0:2]} Ng4 {[%emt 0:0:0]} 13. Bf4 {[%emt 0:1:5]} Be5 {[%emt 0:1:32]} 14. Bxe5 {[%emt 0:0:20]} Nxe5 {[%emt 0:0:2]} 15. b3 {[%emt 0:0:5]} Rb8 {[%emt 0:0:36]} 16. Rfd1 {[%emt 0:0:16]
} 0-0 {[%emt 0:0:11]} 17. Rd2 {[%emt 0:1:15]} Re8 {[%emt 0:0:0]} 18. Rc1 {[%emt 0:0:31]} Re7 {[%emt 0:1:2]} 19. Rc3 {[%emt 0:0:3]} Kf8 {[%emt 0:0:7]} 20. Kf1 {[%emt 0:1:57]} a5 {[%emt 0:1:7]} 21. Ke1 {[%emt 0:0:0]} Rb4 {[%emt 0:0:32]} 22. a3 {[%emt 0:1:9]} Rb8 {[%emt 0:0:2]} 23. Kd1 {[%emt 0:0:8]} d6 {[%emt 0:0:46]} 24. f4 {[%emt 0:0:32]} Ng4 {[%emt 0:0:0]} 25. Bxc6 {[%emt 0:0:16]} Bf5 {[%emt 0:0:26]} 26. Rd4 {[%emt 0:0:35]} Ne3+ {[%emt 0:0:8]} 27. Kd2 {[%emt 0:0:11]} Nf1+ {[%emt 0:0:11]} 28. Ke1 {[%emt 0:0:12]
} Ne3 {[%emt 0:0:1]} 29. Rd2 {[%emt 0:0:48]} Nc2+ {[%emt 0:0:0]} 30. Rdxc2 {[%emt 0:0:6]} Bxc2 {[%emt 0:0:2]} 31. Rxc2 {[%emt 0:0:1]} Rxb3 {[%emt 0:0:1]} 32. Rc3 {[%emt 0:0:27]} Re3 {[%emt 0:0:4]} 33. Kd2 {[%emt 0:0:23]
} Rxg3 {[%emt 0:0:2]} 34. Rxb3 {[%emt 0:0:42]} Rxb3 {[%emt 0:0:0]} 35. Nc3 {[%emt 0:0:3]} Rxa3 {[%emt 0:0:4]} 36. Ba4 {[%emt 0:0:3]} Ra1 {[%emt 0:0:11]} 37. Bd1 {[%emt 0:0:2]} f6 {[%emt 0:0:51]} 38. e3 {[%emt 0:1:25]
} a4 {[%emt 0:0:5]} 39. Bxa4 {[%emt 0:0:13]} Rh1 {[%emt 0:0:0]} 40. Nd5 {[%emt 0:0:7]} Rxh4 {[%emt 0:0:10]} 41. Nxf6 {[%emt 0:0:4]} Rh1 {[%emt 0:0:8]} 42. Bc6 {[%emt 0:0:2]} Rg1 {[%emt 0:0:5]} 43. Ke2 {[%emt 0:0:10]
} Ke7 {[%emt 0:0:15]} 44. Ne4 {[%emt 0:0:20]} Rc1 {[%emt 0:0:0]} 45. Bd5 {[%emt 0:0:2]} c6 {[%emt 0:0:10]} 46. Bxc6 {[%emt 0:0:17]} Rxc4 {[%emt 0:0:3]} 47. Bd5 {[%emt 0:0:1]} Ra4 {[%emt 0:0:5]} 48. Ng5 {[%emt 0:0:11]
} Ra5 {[%emt 0:0:7]} 49. Bg8 {[%emt 0:0:40]} d5 {[%emt 0:0:0]} 50. Kf3 {[%emt 0:0:2]} Kf6 {[%emt 0:0:1]} 51. Be6 {[%emt 0:0:36]} d4 {[%emt 0:0:3]} 52. Bc4 {[%emt 0:0:2]} Ra3 {[%emt 0:0:6]} 53. Ke4 {[%emt 0:0:11]
} dxe3 {[%emt 0:0:14]} 54. Bd3 {[%emt 0:0:13]} h4 {[%emt 0:0:0]} 55. Kxe3 {[%emt 0:0:4]} Kg7 {[%emt 0:0:16]} 56. Ke2 {[%emt 0:0:48]} Kh6 {[%emt 0:0:5]} 57. Be4 {[%emt 0:0:5]} h3 {[%emt 0:0:3]} 58. Kf2 {[%emt 0:0:16]
} Kh5 {[%emt 0:0:5]} 59. Bf3+ {[%emt 0:0:27]} Kh4 {[%emt 0:0:0]} 60. Bd1 {[%emt 0:0:2]} Ra2+ {[%emt 0:0:18]} 61. Be2 {[%emt 0:0:6]} Rb2 {[%emt 0:0:4]} 62. Nf3+ {[%emt 0:0:10]} Kg4 {[%emt 0:0:1]} 63. Ng1+ {[%emt 0:0:3]
} Rxe2+ {[%emt 0:0:10]} 64. Nxe2 {[%emt 0:0:2]} g5 {[%emt 0:0:0]} 1/2-1/2

[Event "FIDE World Rapid-ch Open 2018"]
[White "Yudin, Sergei"]
[Black "Khusnutdinov, Rustam"]
[Site "St. Petersburg"]
[Round "4.35"]
[Annotator "ChessBase"]
[Result "1/2-1/2"]
[Date "2018.12.26"]
[WhiteElo "2507"]
[BlackElo "2470"]
[PlyCount "21"]
[TimeControl "900+10"]

1. e4 {[%emt 0:0:0]} e6 {[%emt 0:0:0]} 2. d4 {[%emt 0:0:0]} d5 {[%emt 0:0:0]} 3. Nd2 {[%emt 0:0:0]} c5 {[%emt 0:0:11]} 4. Ngf3 {[%emt 0:0:0]} cxd4 {[%emt 0:0:2]} 5. Nxd4 {[%emt 0:0:3]} Nf6 {[%emt 0:0:2]} 6. exd5 {[%emt 0:0:12]
} Nxd5 {[%emt 0:0:1]} 7. N2f3 {[%emt 0:0:37]} Bb4+ {[%emt 0:0:0]} 8. Bd2 {[%emt 0:0:3]} 0-0 {[%emt 0:0:2]} 9. c4 {[%emt 0:0:52]} Bxd2+ {[%emt 0:0:51]} 10. Qxd2 {[%emt 0:0:3]} Nf6 {[%emt 0:4:47]} 11. Be2 {[%emt 0:1:32]
} 1/2-1/2

[Event "FIDE World Rapid-ch Open 2018"]
[White "Mchedlishvili, Mikheil"]
[Black "Vokhidov, Shamsiddin"]
[Site "St. Petersburg"]
[Round "4.36"]
[Annotator "ChessBase"]
[Result "1/2-1/2"]
[Date "2018.12.26"]
[WhiteElo "2610"]
[BlackElo "2480"]
[PlyCount "114"]
[TimeControl "900+10"]

1. d4 {[%emt 0:0:0]} d5 {[%emt 0:0:0]} 2. c4 {[%emt 0:0:0]} e6 {[%emt 0:0:0]} 3. Nc3 {[%emt 0:0:9]} Bb4 {[%emt 0:0:8]} 4. cxd5 {[%emt 0:0:36]} exd5 {[%emt 0:0:2]} 5. Bf4 {[%emt 0:0:3]} Ne7 {[%emt 0:0:16]} 6. e3 {[%emt 0:1:9]
} 0-0 {[%emt 0:0:8]} 7. Qb3 {[%emt 0:0:51]} c5 {[%emt 0:0:42]
} 8. dxc5 {[%emt 0:0:17]} Nbc6 {[%emt 0:0:2]} 9. Rd1 {[%emt 0:1:13]} Bxc5 {[%emt 0:1:55]
} 10. Nf3 {[%emt 0:0:25]} Qa5 {[%emt 0:0:50]} 11. Qb5 {[%emt 0:0:0]} Bb4 {[%emt 0:0:18]} 12. Qxa5 {[%emt 0:0:5]} Bxa5 {[%emt 0:0:1]} 13. Be2 {[%emt 0:0:47]} Be6 {[%emt 0:0:53]} 14. 0-0 {[%emt 0:0:17]} Bxc3 {[%emt 0:1:48]
} 15. bxc3 {[%emt 0:0:1]} Rac8 {[%emt 0:0:2]} 16. Rc1 {[%emt 0:0:50]
} Rfd8 {[%emt 0:0:58]} 17. Rfd1 {[%emt 0:0:41]} f6 {[%emt 0:0:0]} 18. h3 {[%emt 0:0:22]} Ng6 {[%emt 0:0:52]} 19. Bg3 {[%emt 0:1:11]} Nge5 {[%emt 0:0:3]} 20. Nxe5 {[%emt 0:0:54]} Nxe5 {[%emt 0:0:14]} 21. Rd4 {[%emt 0:0:54]
} Rc5 {[%emt 0:0:38]} 22. Ra4 {[%emt 0:1:19]} Nc6 {[%emt 0:0:0]} 23. Ra3 {[%emt 0:2:17]} d4 {[%emt 0:0:26]} 24. exd4 {[%emt 0:0:6]} Nxd4 {[%emt 0:0:2]} 25. Bf1 {[%emt 0:0:21]} Nc6 {[%emt 0:0:9]} 26. Bf4 {[%emt 0:0:19]
} b6 {[%emt 0:0:16]} 27. Be3 {[%emt 0:0:5]} Ra5 {[%emt 0:0:0]} 28. Rxa5 {[%emt 0:0:6]} Nxa5 {[%emt 0:0:1]} 29. c4 {[%emt 0:0:45]} Nb7 {[%emt 0:0:41]} 30. Be2 {[%emt 0:1:20]} Nc5 {[%emt 0:0:16]} 31. Rc3 {[%emt 0:0:25]
} Rd7 {[%emt 0:0:41]} 32. Ra3 {[%emt 0:0:28]} Kf7 {[%emt 0:0:0]} 33. f3 {[%emt 0:0:23]} Ke7 {[%emt 0:0:57]} 34. Kf2 {[%emt 0:0:2]} Kd6 {[%emt 0:0:6]} 35. g4 {[%emt 0:0:15]} Re7 {[%emt 0:0:23]} 36. h4 {[%emt 0:0:0]} h6 {[%emt 0:0:27]} 37. Bd4 {[%emt 0:0:13]} Bg8 {[%emt 0:0:32]} 38. Re3 {[%emt 0:0:5]} Bh7 {[%emt 0:0:22]} 39. Rxe7 {[%emt 0:0:14]} Kxe7 {[%emt 0:0:1]
} 40. Ke3 {[%emt 0:0:4]} Bb1 {[%emt 0:0:13]} 41. a3 {[%emt 0:0:0]} Bg6 {[%emt 0:0:15]} 42. f4 {[%emt 0:0:11]} Bf7 {[%emt 0:0:10]} 43. Bc3 {[%emt 0:0:15]} Be6 {[%emt 0:0:44]} 44. g5 {[%emt 0:0:23]} hxg5 {[%emt 0:0:6]
} 45. fxg5 {[%emt 0:0:3]} fxg5 {[%emt 0:0:6]} 46. hxg5 {[%emt 0:0:1]
} g6 {[%emt 0:0:9]} 47. Be5 {[%emt 0:0:11]} Kd7 {[%emt 0:0:0]} 48. Bd4 {[%emt 0:0:6]} Kd6 {[%emt 0:0:5]} 49. Kf4 {[%emt 0:0:8]} Bf5 {[%emt 0:0:15]} 50. Be5+ {[%emt 0:0:5]} Kd7 {[%emt 0:0:25]} 51. Ke3 {[%emt 0:0:13]
} Ne4 {[%emt 0:0:31]} 52. Kf4 {[%emt 0:0:16]} Nc5 {[%emt 0:0:0]} 53. Ke3 {[%emt 0:0:4]} a5 {[%emt 0:0:28]} 54. Bd4 {[%emt 0:0:7]} Kd6 {[%emt 0:0:14]} 55. Bf1 {[%emt 0:0:15]} Be6 {[%emt 0:0:11]} 56. Be2 {[%emt 0:0:7]
} Bf5 {[%emt 0:0:5]} 57. Bf1 {[%emt 0:0:5]} Be6 {Ke4 Ke5+} 1/2-1/2

[Event "FIDE World Rapid-ch Open 2018"]
[White "Sharma, Dinesh K."]
[Black "Vitiugov, Nikita"]
[Site "St. Petersburg"]
[Round "4.37"]
[Annotator "ChessBase"]
[Result "0-1"]
[Date "2018.12.26"]
[WhiteElo "2295"]
[BlackElo "2719"]
[PlyCount "118"]
[TimeControl "900+10"]

1. d4 {[%emt 0:0:0]} Nf6 {[%emt 0:0:0]} 2. Nf3 {[%emt 0:0:0]} d5 {[%emt 0:0:5]
} 3. c4 {[%emt 0:0:0]} e6 {[%emt 0:0:4]} 4. Nc3 {[%emt 0:0:0]} c6 {[%emt 0:0:30]} 5. cxd5 {[%emt 0:0:8]} exd5 {[%emt 0:0:3]} 6. Bg5 {[%emt 0:0:2]} h6 {[%emt 0:1:21]} 7. Bf4 {[%emt 0:0:33]} Nbd7 {[%emt 0:0:0]} 8. h3 {[%emt 0:0:13]} Ne4 {[%emt 0:0:32]} 9. Rc1 {[%emt 0:2:15]} Qa5 {[%emt 0:0:55]
} 10. Qb3 {[%emt 0:0:37]} Bb4 {[%emt 0:0:56]} 11. a3 {[%emt 0:0:0]} Bxc3+ {[%emt 0:1:9]} 12. bxc3 {[%emt 0:0:4]} 0-0 {[%emt 0:0:17]} 13. e3 {[%emt 0:0:8]} c5 {[%emt 0:0:12]} 14. Be2 {[%emt 0:0:38]} c4 {[%emt 0:0:29]
} 15. Qb4 {[%emt 0:0:27]} Qd8 {[%emt 0:0:46]} 16. Nd2 {[%emt 0:0:0]} Ndf6 {[%emt 0:0:29]} 17. f3 {[%emt 0:0:48]} Nxd2 {[%emt 0:0:23]} 18. Kxd2 {[%emt 0:0:2]} Re8 {[%emt 0:0:4]} 19. Rce1 {[%emt 0:0:35]} Re6 {[%emt 0:0:24]
} 20. Rb1 {[%emt 0:1:41]} Rb6 {[%emt 0:0:39]} 21. Qc5 {[%emt 0:0:0]} Rc6 {[%emt 0:0:2]} 22. Qb4 {[%emt 0:0:8]} Rb6 {[%emt 0:3:1]} 23. Qc5 {[%emt 0:0:2]} Ra6 {[%emt 0:0:58]} 24. g4 {[%emt 0:1:16]} Ra4 {[%emt 0:0:0]} 25. Ra1 {[%emt 0:0:25]} Bd7 {[%emt 0:0:28]} 26. Qc7 {[%emt 0:0:17]} Qxc7 {[%emt 0:0:26]} 27. Bxc7 {[%emt 0:0:3]} Rc8 {[%emt 0:0:1]} 28. Be5 {[%emt 0:0:14]
} Bc6 {[%emt 0:0:50]} 29. h4 {[%emt 0:0:35]} Nd7 {[%emt 0:0:0]} 30. Bf4 {[%emt 0:0:35]} Nf8 {[%emt 0:0:5]} 31. Bd6 {[%emt 0:0:50]} Ra6 {[%emt 0:0:13]} 32. g5 {[%emt 0:0:18]} Bd7 {[%emt 0:0:24]} 33. Be5 {[%emt 0:0:0]} hxg5 {[%emt 0:0:27]} 34. hxg5 {[%emt 0:0:3]} Bf5 {[%emt 0:0:2]} 35. Bd1 {[%emt 0:1:12]} Rb6 {[%emt 0:0:3]} 36. Kc1 {[%emt 0:0:2]} Ng6 {[%emt 0:0:45]
} 37. Bg3 {[%emt 0:0:11]} Re8 {[%emt 0:0:15]} 38. Bf2 {[%emt 0:0:0]} Nf8 {[%emt 0:0:26]} 39. Re1 {[%emt 0:0:50]} Nh7 {[%emt 0:0:14]} 40. Ba4 {[%emt 0:0:25]} Re7 {[%emt 0:0:13]} 41. e4 {[%emt 0:0:29]} dxe4 {[%emt 0:0:3]
} 42. d5 {[%emt 0:0:1]} e3 {[%emt 0:0:17]} 43. Rxe3 {[%emt 0:0:0]} Rxe3 {[%emt 0:0:5]} 44. Bxe3 {[%emt 0:0:1]} Rd6 {[%emt 0:0:3]} 45. Bb5 {[%emt 0:1:23]} Bd3 {[%emt 0:0:10]} 46. g6 {[%emt 0:0:13]} Rxg6 {[%emt 0:0:15]
} 47. Bxa7 {[%emt 0:0:12]} Rd6 {[%emt 0:0:19]} 48. a4 {[%emt 0:0:0]} Rxd5 {[%emt 0:0:2]} 49. Kd2 {[%emt 0:0:1]} Ng5 {[%emt 0:0:8]} 50. Ke3 {[%emt 0:0:11]} Re5+ {[%emt 0:0:5]} 51. Kf2 {[%emt 0:0:2]} Rf5 {[%emt 0:0:9]
} 52. Re1 {[%emt 0:0:8]} Rxf3+ {[%emt 0:0:20]} 53. Kg2 {[%emt 0:0:3]
} Rf4 {[%emt 0:0:13]} 54. Re8+ {[%emt 0:0:10]} Kh7 {[%emt 0:0:0]} 55. Be3 {[%emt 0:0:18]} Rg4+ {[%emt 0:0:31]} 56. Kf2 {[%emt 0:0:10]} Ne4+ {[%emt 0:0:13]} 57. Ke1 {[%emt 0:0:1]} Rg2 {[%emt 0:0:27]} 58. Bd4 {[%emt 0:0:8]
} Rb2 {[%emt 0:0:13]} 59. Bd7 {[%emt 0:1:24]} Rb1# {[%emt 0:0:0]} 0-1

[Event "FIDE World Rapid-ch Open 2018"]
[White "Adly, Ahmed"]
[Black "Tang, Andrew"]
[Site "St. Petersburg"]
[Round "4.38"]
[Annotator "ChessBase"]
[Result "1/2-1/2"]
[Date "2018.12.26"]
[WhiteElo "2626"]
[BlackElo "2487"]
[PlyCount "76"]
[TimeControl "900+10"]

1. d4 {[%emt 0:0:0]} d5 {[%emt 0:0:0]} 2. c4 {[%emt 0:0:0]} e6 {[%emt 0:0:0]} 3. Nf3 {[%emt 0:0:0]} Nf6 {[%emt 0:0:0]} 4. g3 {[%emt 0:0:0]} dxc4 {[%emt 0:0:2]} 5. Bg2 {[%emt 0:0:0]} Nc6 {[%emt 0:0:2]} 6. 0-0 {[%emt 0:0:7]
} Rb8 {[%emt 0:0:9]} 7. Re1 {[%emt 0:0:14]} Be7 {[%emt 0:0:0]} 8. e4 {[%emt 0:0:14]} 0-0 {[%emt 0:0:14]} 9. Nc3 {[%emt 0:0:2]} b5 {[%emt 0:0:25]
} 10. d5 {[%emt 0:0:23]} Nb4 {[%emt 0:1:5]} 11. Ne5 {[%emt 0:0:0]} Bd6 {[%emt 0:0:31]} 12. a3 {[%emt 0:0:1]} Bxe5 {[%emt 0:0:10]} 13. axb4 {[%emt 0:0:1]} exd5 {[%emt 0:0:14]} 14. exd5 {[%emt 0:0:9]} Bg4 {[%emt 0:2:14]
} 15. f3 {[%emt 0:1:5]} Bxc3 {[%emt 0:0:10]} 16. bxc3 {[%emt 0:0:2]
} Bf5 {[%emt 0:0:1]} 17. Re5 {[%emt 0:5:25]} Bd3 {[%emt 0:0:0]} 18. f4 {[%emt 0:0:1]} Nd7 {[%emt 0:0:42]} 19. Be3 {[%emt 0:0:20]} Nxe5 {[%emt 0:1:14]} 20. fxe5 {[%emt 0:0:1]} Re8 {[%emt 0:0:1]} 21. Bxa7 {[%emt 0:0:28]
} Ra8 {[%emt 0:1:16]} 22. Bd4 {[%emt 0:0:2]} Rxa1 {[%emt 0:0:0]} 23. Qxa1 {[%emt 0:0:2]} Qg5 {[%emt 0:0:3]} 24. Qe1 {[%emt 0:0:9]} h6 {[%emt 0:0:43]} 25. h3 {[%emt 0:0:29]} Qf5 {[%emt 0:0:45]} 26. Qe3 {[%emt 0:0:0]} Ra8 {[%emt 0:4:31]} 27. g4 {[%emt 0:0:16]} Qg6 {[%emt 0:0:48]} 28. e6 {[%emt 0:0:18]} fxe6 {[%emt 0:0:3]} 29. dxe6 {[%emt 0:0:3]} Ra1+ {[%emt 0:0:24]
} 30. Kh2 {[%emt 0:0:1]} Ra2 {[%emt 0:0:3]} 31. Kg3 {[%emt 0:0:0]} Rxg2+ {[%emt 0:0:9]} 32. Kxg2 {[%emt 0:0:1]} Be4+ {[%emt 0:0:3]} 33. Kg1 {[%emt 0:0:23]} Qxe6 {[%emt 0:0:2]} 34. Qf4 {[%emt 0:0:2]} Bd5 {[%emt 0:0:45]
} 35. Qe5 {[%emt 0:1:12]} Qf7 {[%emt 0:0:27]} 36. h4 {[%emt 0:0:0]} c6 {[%emt 0:0:15]} 37. Kh2 {[%emt 0:0:28]} Qg6 {[%emt 0:0:19]} 38. Qf5 {[%emt 0:0:47]} Qxf5 1/2-1/2

[Event "FIDE World Rapid-ch Open 2018"]
[White "Sakaev, Konstantin"]
[Black "Steinberg, Nitzan"]
[Site "St. Petersburg"]
[Round "4.39"]
[Annotator "ChessBase"]
[Result "1-0"]
[Date "2018.12.26"]
[WhiteElo "2584"]
[BlackElo "2532"]
[PlyCount "112"]
[TimeControl "900+10"]

1. d4 {[%emt 0:0:0]} Nf6 {[%emt 0:0:0]} 2. c4 {[%emt 0:0:0]} e6 {[%emt 0:0:0]} 3. Nf3 {[%emt 0:0:0]} Bb4+ {[%emt 0:0:2]} 4. Nbd2 {[%emt 0:0:12]} 0-0 {[%emt 0:0:4]} 5. g3 {[%emt 0:0:38]} b6 {[%emt 0:0:34]} 6. Bg2 {[%emt 0:0:3]
} Bb7 {[%emt 0:0:2]} 7. 0-0 {[%emt 0:0:5]} d5 {[%emt 0:0:23]
} 8. cxd5 {[%emt 0:0:2]} exd5 {[%emt 0:0:11]} 9. Qb3 {[%emt 0:0:4]} Bd6 {[%emt 0:1:25]
} 10. Nb1 {[%emt 0:0:3]} Nbd7 {[%emt 0:1:9]} 11. Nc3 {[%emt 0:0:5]
} a6 {[%emt 0:0:2]} 12. Bf4 {[%emt 0:0:4]} Qe7 {[%emt 0:0:0]} 13. Bxd6 {[%emt 0:0:12]} Qxd6 {[%emt 0:0:2]} 14. e3 {[%emt 0:0:56]} Rfe8 {[%emt 0:0:9]} 15. Rac1 {[%emt 0:0:20]} Re7 {[%emt 0:0:45]} 16. Qa3 {[%emt 0:2:44]
} Qxa3 {[%emt 0:0:54]} 17. bxa3 {[%emt 0:0:2]} Ne8 {[%emt 0:0:0]} 18. Ne1 {[%emt 0:0:37]} c6 {[%emt 0:1:18]} 19. Nd3 {[%emt 0:3:1]} Nd6 {[%emt 0:0:2]} 20. a4 {[%emt 0:0:3]} a5 {[%emt 0:0:53]} 21. Rfd1 {[%emt 0:0:32]
} f6 {[%emt 0:0:38]} 22. Rb1 {[%emt 0:0:8]} Kf8 {[%emt 0:0:0]} 23. Bh3 {[%emt 0:1:25]} f5 {[%emt 0:0:18]} 24. g4 {[%emt 0:0:20]} fxg4 {[%emt 0:0:46]} 25. Bxg4 {[%emt 0:0:2]} Nc4 {[%emt 0:0:28]} 26. Bxd7 {[%emt 0:0:58]
} Rxd7 {[%emt 0:0:1]} 27. Ne5 {[%emt 0:0:2]} Nxe5 {[%emt 0:0:0]} 28. dxe5 {[%emt 0:0:1]} Ra6 {[%emt 0:0:8]} 29. Rb2 {[%emt 0:0:16]} Bc8 {[%emt 0:1:22]} 30. f4 {[%emt 0:0:25]} Rf7 {[%emt 0:0:55]} 31. h4 {[%emt 0:1:33]
} Bf5 {[%emt 0:0:34]} 32. Kf2 {[%emt 0:0:26]} Ke7 {[%emt 0:0:0]} 33. Ne2 {[%emt 0:0:19]} Rf8 {[%emt 0:0:58]} 34. Nd4 {[%emt 0:0:29]} Bd7 {[%emt 0:0:1]} 35. Rdb1 {[%emt 0:1:1]} Rb8 {[%emt 0:0:38]} 36. h5 {[%emt 0:0:21]
} c5 {[%emt 0:0:40]} 37. Nb5 {[%emt 0:0:9]} Bc6 {[%emt 0:0:0]} 38. Rd2 {[%emt 0:1:5]} Rd8 {[%emt 0:0:18]} 39. Rg1 {[%emt 0:0:10]} Kf7 {[%emt 0:0:26]} 40. Rg5 {[%emt 0:1:49]} Bxb5 {[%emt 0:1:18]} 41. axb5 {[%emt 0:0:1]
} Ra7 {[%emt 0:0:1]} 42. Ke2 {[%emt 0:0:34]} Rc7 {[%emt 0:0:0]} 43. e6+ {[%emt 0:0:21]} Kxe6 {[%emt 0:0:8]} 44. Re5+ {[%emt 0:0:2]} Kf6 {[%emt 0:0:7]} 45. Rexd5 {[%emt 0:0:3]} Rxd5 {[%emt 0:0:14]} 46. Rxd5 {[%emt 0:0:1]} Ke6 {[%emt 0:0:8]} 47. Rd8 {[%emt 0:0:43]} c4 {[%emt 0:0:0]} 48. Rb8 {[%emt 0:0:20]} Kd5 {[%emt 0:0:8]} 49. Rxb6 {[%emt 0:0:2]} c3 {[%emt 0:0:3]} 50. Rc6 {[%emt 0:0:18]} Rb7 {[%emt 0:0:13]} 51. a4 {[%emt 0:0:0]} Re7 {[%emt 0:0:20]} 52. Rxc3 {[%emt 0:0:1]} Re4 {[%emt 0:0:1]} 53. Rd3+ {[%emt 0:0:3]} Kc5 {[%emt 0:0:3]} 54. Rd4 {[%emt 0:0:4]} Re6 {[%emt 0:0:7]
} 55. Kd3 {[%emt 0:0:9]} Rh6 {[%emt 0:0:0]} 56. Rc4+ {[%emt 0:0:5]
} Kd5 1-0

[Event "FIDE World Rapid-ch Open 2018"]
[White "Chen, Qi b"]
[Black "Salgado Lopez, Ivan"]
[Site "St. Petersburg"]
[Round "4.40"]
[Annotator "ChessBase"]
[Result "1/2-1/2"]
[Date "2018.12.26"]
[WhiteElo "2437"]
[BlackElo "2629"]
[PlyCount "64"]
[TimeControl "900+10"]

1. e4 {[%emt 0:0:0]} c5 {[%emt 0:0:0]} 2. Nf3 {[%emt 0:0:0]} Nc6 {[%emt 0:0:0]
} 3. Bb5 {[%emt 0:0:0]} g6 {[%emt 0:0:0]} 4. Bxc6 {[%emt 0:0:0]} dxc6 {[%emt 0:0:6]} 5. d3 {[%emt 0:0:0]} Bg7 {[%emt 0:0:2]} 6. h3 {[%emt 0:0:7]} b6 {[%emt 0:0:2]} 7. Nc3 {[%emt 0:0:10]} e5 {[%emt 0:0:3]
} 8. a3 {[%emt 0:0:49]} Qd6 {[%emt 0:0:54]} 9. Be3 {[%emt 0:0:20]} Ne7 {[%emt 0:0:15]
} 10. 0-0 {[%emt 0:0:51]} f5 {[%emt 0:0:8]} 11. exf5 {[%emt 0:0:0]} gxf5 {[%emt 0:0:3]} 12. Re1 {[%emt 0:0:15]} 0-0 {[%emt 0:0:26]} 13. Bd2 {[%emt 0:2:0]} Ng6 {[%emt 0:1:9]} 14. Qc1 {[%emt 0:1:6]} Nh8 {[%emt 0:2:45]
} 15. Nh2 {[%emt 0:1:32]} f4 {[%emt 0:0:27]} 16. Ne4 {[%emt 0:0:0]} Qg6 {[%emt 0:0:2]} 17. Kh1 {[%emt 0:0:1]} Be6 {[%emt 0:0:23]} 18. Bc3 {[%emt 0:0:35]} Nf7 {[%emt 0:0:5]} 19. b3 {[%emt 0:1:17]} Rae8 {[%emt 0:0:6]
} 20. f3 {[%emt 0:0:31]} Bc8 {[%emt 0:0:28]} 21. b4 {[%emt 0:0:0]} cxb4 {[%emt 0:0:5]} 22. axb4 {[%emt 0:0:2]} a6 {[%emt 0:0:11]} 23. Qb2 {[%emt 0:0:17]} Nh6 {[%emt 0:0:49]} 24. Re2 {[%emt 0:0:8]} Nf5 {[%emt 0:0:5]
} 25. Rae1 {[%emt 0:0:31]} Nd4 {[%emt 0:0:40]} 26. Rf2 {[%emt 0:0:6]
} h6 {[%emt 0:0:58]} 27. Ng4 {[%emt 0:1:7]} Bxg4 {[%emt 0:0:0]} 28. fxg4 {[%emt 0:0:2]} h5 {[%emt 0:0:10]} 29. gxh5 {[%emt 0:0:33]} Qxh5 {[%emt 0:0:2]} 30. Bxd4 {[%emt 0:0:1]} exd4 {[%emt 0:0:3]} 31. Rf3 {[%emt 0:0:2]
} a5 {[%emt 0:0:56]} 32. Ref1 {[%emt 0:0:12]} Qe5 {[%emt 0:0:0]} 1/2-1/2

[Event "FIDE World Rapid-ch Open 2018"]
[White "Vorotnikov, Vladislav V"]
[Black "Grachev, Boris"]
[Site "St. Petersburg"]
[Round "4.41"]
[Annotator "ChessBase"]
[Result "0-1"]
[Date "2018.12.26"]
[WhiteElo "2417"]
[BlackElo "2626"]
[PlyCount "80"]
[TimeControl "900+10"]

1. d4 {[%emt 0:0:0]} d5 {[%emt 0:0:4]} 2. Nf3 {[%emt 0:0:0]} Nf6 {[%emt 0:0:3]
} 3. c3 {[%emt 0:0:4]} Bf5 {[%emt 0:0:27]} 4. Qb3 {[%emt 0:0:0]} b6 {[%emt 0:0:39]} 5. Bf4 {[%emt 0:0:27]} e6 {[%emt 0:0:10]} 6. e3 {[%emt 0:0:7]
} Bd6 {[%emt 0:0:17]} 7. Bxd6 {[%emt 0:0:21]} Qxd6 {[%emt 0:0:0]} 8. Nbd2 {[%emt 0:0:57]} 0-0 {[%emt 0:0:17]} 9. Nh4 {[%emt 0:1:5]} Be4 {[%emt 0:0:31]} 10. f3 {[%emt 0:0:33]} Bg6 {[%emt 0:0:6]} 11. Nxg6 hxg6 {[%emt 0:0:8]
} 12. Bd3 {[%emt 0:1:22]} c5 {[%emt 0:0:22]} 13. Qa3 {[%emt 0:0:0]} e5 {[%emt 0:0:30]} 14. 0-0 {[%emt 0:0:9]} Nc6 {[%emt 0:0:59]} 15. Nb3 {[%emt 0:0:33]} Rfd8 {[%emt 0:2:26]} 16. dxc5 {[%emt 0:0:17]} Qc7 {[%emt 0:0:6]
} 17. Bb5 {[%emt 0:1:2]} Ne7 {[%emt 0:0:39]} 18. cxb6 {[%emt 0:0:44]
} axb6 {[%emt 0:0:1]} 19. Qb4 {[%emt 0:0:2]} Nf5 {[%emt 0:0:0]} 20. Rfe1 {[%emt 0:1:8]} Nd6 {[%emt 0:2:43]} 21. a4 {[%emt 0:0:33]} g5 {[%emt 0:0:11]} 22. Nd2 {[%emt 0:1:17]} g6 {[%emt 0:0:34]} 23. c4 {[%emt 0:0:0]} Nf5 {[%emt 0:1:0]} 24. Rac1 {[%emt 0:0:53]} d4 {[%emt 0:1:1]} 25. e4 {[%emt 0:0:13]} Ne3 {[%emt 0:0:17]} 26. c5 {[%emt 0:0:5]} Qe7 {[%emt 0:0:0]} 27. Qa3 {[%emt 0:0:23]} Nd7 {[%emt 0:2:38]} 28. Bxd7 {[%emt 0:1:24]} Rxd7 {[%emt 0:0:41]} 29. cxb6 {[%emt 0:0:45]} Qxa3 {[%emt 0:0:9]} 30. bxa3 {[%emt 0:0:1]} Rb7 {[%emt 0:0:24]} 31. Rc6 {[%emt 0:0:53]} Rxa4 {[%emt 0:0:0]} 32. Rb1 {[%emt 0:0:8]} Rxa3 {[%emt 0:0:40]} 33. Rc7 {[%emt 0:0:17]} Rb8 {[%emt 0:0:8]} 34. Kf2 {[%emt 0:1:4]} Ra2 {[%emt 0:0:17]} 35. Ke2 {[%emt 0:0:14]
} Kg7 {[%emt 0:0:48]} 36. b7 {[%emt 0:0:10]} Ra7 {[%emt 0:0:0]} 37. g4 {[%emt 0:0:20]} Ng2 {[%emt 0:0:14]} 38. Kd3 {[%emt 0:0:20]} Nf4+ {[%emt 0:0:5]} 39. Kc4 {[%emt 0:0:4]} Ra2 {[%emt 0:0:3]} 40. Rc8 {[%emt 0:0:42]
} Rc2+ {[%emt 0:0:6] Kxd4} 0-1

[Event "FIDE World Rapid-ch Open 2018"]
[White "Reshetnikov, Alexey"]
[Black "Fedoseev, Vladimir"]
[Site "St. Petersburg"]
[Round "4.42"]
[Annotator "ChessBase"]
[Result "1-0"]
[Date "2018.12.26"]
[WhiteElo "2492"]
[BlackElo "2719"]
[PlyCount "63"]
[TimeControl "900+10"]

1. c4 {[%emt 0:0:0]} e5 {[%emt 0:0:0]} 2. Nc3 {[%emt 0:0:0]} Nc6 {[%emt 0:0:0]
} 3. g3 {[%emt 0:0:0]} g6 {[%emt 0:0:2]} 4. Bg2 {[%emt 0:0:0]} Bg7 {[%emt 0:0:2]} 5. d3 {[%emt 0:0:39]} f5 {[%emt 0:0:17]} 6. e3 {[%emt 0:0:3]
} Nf6 {[%emt 0:0:8]} 7. Nge2 {[%emt 0:0:2]} 0-0 {[%emt 0:0:0]} 8. 0-0 {[%emt 0:0:6]} d6 {[%emt 0:0:55]} 9. b3 {[%emt 0:0:23]} g5 {[%emt 0:0:22]
} 10. f4 {[%emt 0:0:4]} h6 {[%emt 0:0:52]} 11. Bb2 {[%emt 0:0:0]} Bd7 {[%emt 0:1:36]} 12. Qd2 {[%emt 0:0:7]} Qe7 {[%emt 0:1:4]} 13. Rae1 {[%emt 0:1:21]} Rae8 {[%emt 0:0:51]} 14. Nd5 {[%emt 0:2:35]} Nxd5 {[%emt 0:1:28]
} 15. cxd5 {[%emt 0:0:1]} Nb8 {[%emt 0:0:12]} 16. fxe5 {[%emt 0:3:26]
} Bxe5 {[%emt 0:0:7]} 17. Nd4 {[%emt 0:0:18]} Qg7 {[%emt 0:0:0]} 18. Qb4 {[%emt 0:0:29]} Na6 {[%emt 0:0:48]} 19. Qc4 {[%emt 0:0:43]} b5 {[%emt 0:0:48]} 20. Qc2 {[%emt 0:0:8]} f4 {[%emt 0:0:53]} 21. Ne6 {[%emt 0:0:0]} Bxe6 {[%emt 0:0:2]} 22. Bxe5 {[%emt 0:0:2]} Qxe5 {[%emt 0:0:7]} 23. gxf4 {[%emt 0:1:58]} gxf4 {[%emt 0:0:14]} 24. dxe6 {[%emt 0:0:1]} fxe3 {[%emt 0:0:13]} 25. Qc6 {[%emt 0:0:38]} Nc5 {[%emt 0:0:39]} 26. d4 {[%emt 0:0:0]} Qxd4 {[%emt 0:0:43]} 27. Rxf8+ {[%emt 0:0:2]} Kxf8 {[%emt 0:2:25]} 28. Rf1+ {[%emt 0:0:32]} Kg7 {[%emt 0:0:2]} 29. Rf7+ {[%emt 0:0:12]} Kg6 {[%emt 0:0:2]
} 30. Qxe8 {[%emt 0:0:1]} e2+ {[%emt 0:0:1]} 31. Kh1 {[%emt 0:0:6]
} Kg5 {[%emt 0:0:31]} 32. Qg8+ {[%emt 0:0:5]} 1-0